00329nam a2200121Ia 4500008004100000245006600041260001700107260000900124300000900133650002300142650001200165856003000177170516s9999 xx 000 0 und d aQuantitative Statistical Methods for Image Quality Assessment bTheranostics c2013 a3:10 xMedical Technology xMedtech uhttp://www.thno.org/v3i10